01043nas a2200241Ia 4500001001100000003000900011008004100020040001300061040001300074041001300087100003800100210001900138222001900157245010900176250001100285260005300296501008600349300001100435310001600446362004100462500026200503650003600765R011/H8418IT-RoPAU151124c99999999xx |||||||||||| ||und|| aIT-RoPAU cIT-RoPAU aITALIANO aAA.VV. gCodice Aut. SPICS: 12000 aCINEMASESSANTA aCinemasessanta aCINEMA SESSANTA, ANNO 39-N.295 (GENNAIO-MARZO 2008)bCinema Sessanta, Anno 39-N.295 (Gennaio-Marzo 2008) a1a ed. aREGGIO CALABRIAbCITTA' DEL SOLE EDIZIONI c2008 bPaulus - SPICS - Società San Paolo EM (non-commercial uses only)cCopyright2015 a128 p. aTRIMESTRALE aANNO 039, N.295 (GENNAIO-MARZO 2008) aPrimafila: Cous Cous di A. Kechiche; in Fabbrica di F. Comencini; Non è un Paese per Vecchi di J e E Coen; Into The Wild di S. Penn; Leoni per Agnelli di R. Redford; il Petroliere di P.T. Anderson. Lineamenti: Mercato 2007,Apparenze Rischiano di Ingannare aCINEMAvPUBBLICAZIONE PERIODICA